| 000 | 00784nam0a22002651 4500 | ||
|---|---|---|---|
| 001 | rc\2187746 | ||
| 005 | 20250623015656.0 | ||
| 035 | _a(NLR Aleph) 006520840 | ||
| 090 |
_a6428446 _c6428446 |
||
| 100 | _a20110826d1978 |||y0rusy50 ca | ||
| 101 | 0 | _arus | |
| 102 | _aRU | ||
| 105 | _ay z |||a| | ||
| 200 | 1 |
_aПодари людям все _e[Рассказы] _fДж. Мансурова |
|
| 210 |
_aБаку _cГянджлик _d1978 |
||
| 215 |
_a42 с. _d14 |
||
| 686 |
_aШ5(2-Р)75-644 _2rubbk |
||
| 700 | 1 |
_aМансурова _bД.А. кызы _gДжамиля Алескер кызы |
|
| 801 | 0 |
_aRU _bNLR _gpsbo |
|
| 801 | 1 |
_aRU _bELAR _2rusmarc |
|
| 852 |
_aNLR _j78-1/364 |
||
| 899 |
_aRuMoRGB _jБ 78-43/900 |
||
| 899 |
_aRuMoRGB _jБ 78-43/901 |
||
| 942 | _cBOOK | ||
| 980 | _aNB | ||